| 000 | 00431cam a2200181ua 4500 | ||
|---|---|---|---|
| 020 | _c1.00 | ||
| 041 |
_amal _h |
||
| 082 |
_a894.8122 _bANA/MI |
||
| 100 | _aAnandakuttan, . | ||
| 245 |
_aMiss Kerala / _cAnandakuttan. _hTextual Documents |
||
| 250 |
_a1 / _b. |
||
| 260 |
_aKonni : _bVenus Press & Book Depot, , _c1958. |
||
| 300 | _a88 ; . | ||
| 365 | _a1.00 | ||
| 504 | _a | ||
| 942 | _cBK | ||
| 999 |
_c12603 _d12603 |
||